Wordt geladen...

ORGANIC CHEMISTRY OF NATURAL PRODUCTS VOL1

Bibliografische gegevens
Hoofdauteur: GURDEEP CHHATWAL R
Formaat: Printed Book
Gepubliceerd in: BOMBAY HIMALAYA 1988
Editie:3
Onderwerpen:
LEADER 00561nam a2200181 4500
020 |c 70 
082 |a 547 GUR 
100 |a GURDEEP CHHATWAL R 
245 |a ORGANIC CHEMISTRY OF NATURAL PRODUCTS VOL1  |h ENGLISH 
250 |a 3 
260 |a BOMBAY  |b HIMALAYA  |c 1988 
300 |a 672  |f HB 
500 |a  NO DATE  
590 |d   
650 |a ORGANIC CHEMISTRY OF NATURAL PRODUCTS 
942 |c BK 
999 |c 121455  |d 121455 
952 |0 0  |1 0  |4 0  |6 547_000000000000000_GUR  |7 0  |9 134918  |a CHE  |b CHE  |g 70.00  |l 0  |o 547 GUR  |p CHE2771  |r 2019-10-15  |w 2019-10-15  |y BK